Antennas for information super skyways : (Record no. 28417)

MARC details
000 -LEADER
fixed length control field 01163nam a22002658a 4500
005 - DATE AND TIME OF LATEST TRANSACTION
control field 20090718151715.0
008 - FIXED-LENGTH DATA ELEMENTS--GENERAL INFORMATION
fixed length control field 020709s2002 pau b 001 0 eng
010 ## - LCCN (DPL NO)
LC control number ENG-94468
020 ## - INTERNATIONAL STANDARD BOOK NUMBER
International Standard Book Number 9788120336681
Terms of availability 395.00
035 ## - SYSTEM CONTROL NUMBER
System control number EN-78001
037 ## - SOURCE OF ACQUISITION
Source of stock number/acquisition DBAD / PUB
040 ## - CATALOGING SOURCE
Original cataloging agency dpl
Language of cataloging English
082 ## - DEWEY DECIMAL CLASSIFICATION NUMBER
Classification number 621.384135
100 ## - MAIN ENTRY--PERSONAL NAME
Personal name Neelakanta, Perambur S.
245 ## - TITLE STATEMENT
Title Antennas for information super skyways :
Remainder of title an exposition on outdoor and indoor wireless antennas /
Statement of responsibility, etc by Perambur S. Neelakanta (and) Rajeswari Chatterjee
260 ## - PUBLICATION, DISTRIBUTION, ETC. (IMPRINT)
Place of publication, distribution, etc New Delhi
Name of publisher, distributor, etc PHI Learning
Date of publication, distribution, etc 2008
270 ## - ADDRESS
Address M-97, Connaught Circus
City New Delhi
Postal code 110001
300 ## - PHYSICAL DESCRIPTION
Extent xxiv, 539p. :
Other physical details ill.
Dimensions 23cm(pbk)
440 ## - SERIES STATEMENT/ADDED ENTRY--TITLE
Title Electronic & electrical engineering research studies antennas series/ edited by J.R. James
500 ## - GENERAL NOTE
General note Includes bibliographical references and index
650 ## - SUBJECT ADDED ENTRY--TOPICAL TERM
Topical term or geographic name as entry element Antennas (Electronics)
700 ## - ADDED ENTRY--PERSONAL NAME
Personal name Chatterjee, Rajeswari
942 ## - ADDED ENTRY ELEMENTS (KOHA)
Source of classification or shelving scheme Dewey Decimal Classification
Item type English Books
Classification part 621.384135
Call number suffix NEE
Holdings
Withdrawn status Lost status Source of classification or shelving scheme Damaged status Not for loan Collection code Home library Current library Date acquired Source of acquisition Cost, normal purchase price Total Checkouts Full call number Barcode Date last seen Copy number Cost, replacement price Koha item type
    Dewey Decimal Classification   Not For Loan Non-fiction D.B.Act.Division D.B.Act.Division 18/07/2009 DBAD / PUB 395.00   621.384135 NEE EN-78001 18/07/2009 1 395.00 English Books

© Delhi Public Library
Hit Counter
free hit counter